| 000 | 01367nam a2200313 a 4500 | ||
|---|---|---|---|
| 003 | EG-GiCUC | ||
| 005 | 20250223025954.0 | ||
| 008 | 091201s2009 ua d f m 000 0 eng d | ||
| 040 |
_aEG-GiCUC _beng _cEG-GiCUC |
||
| 041 | 0 | _aeng | |
| 049 | _aGift | ||
| 097 | _aM.Sc | ||
| 099 | _aCai01.34.M.Sc.2009.Di.S | ||
| 100 | 0 | _aDina Wael Mehrez | |
| 245 | 1 | 0 |
_aSkilled Egyptian diaspora contributions to home country development / _cDina Wael Mehrez ; Supervised Hadia Hamdy |
| 260 |
_aCairo : _bDina Wael Mehrez , _c2009 |
||
| 300 |
_a274 Leaves : _bcharts ; _c30cm |
||
| 502 | _aThesis (M.Sc.) - German University - Faculty of Postgraduate Studies and Scientific Research - Department of Management | ||
| 520 | _aSkilled migration is accused of causing brain drain. A range of policies exists in response to this phenomenon. Transnationalism allows emigrants to remain connected to their original homeland. "Diaspora options" can then become a resource for home country development and international business stimulation through contributions of human and financial capital | ||
| 653 | 4 | _aCountry development | |
| 653 | 4 | _aManagement | |
| 653 | 4 | _aSkilled Egyptian | |
| 700 | 0 |
_aHadia Hamdy , _eSupervisor |
|
| 856 | _uhttp://172.23.153.220/th.pdf | ||
| 902 | _a1 | ||
| 905 |
_aMustafa _eRevisor |
||
| 905 |
_aSamia _eCataloger |
||
| 942 |
_2ddc _cTH |
||
| 999 |
_c24678 _d24678 |
||